000 00553nam a2200229Ia 4500
003 OSt
005 20220918194745.0
006 a|||||r|||| 00| 0
007 ta
008 220917b |||||||| |||| 00| 0 eng d
024 _a81,396
037 _cTextual
040 _aARTS
_cARTS
_beng
041 _2eng
_aeng
082 _aS:682, K7
100 _aCritchley E
_986883
245 0 _aSpeech origins and development
260 _c1967
650 _aPSYCHOLOGY
942 _hS:682, K7
_cTEXL
_2CC
999 _c205118
_d205118